000 00716nam a2200229 a 4500
999 _c11397
_d11397
001 11397
003 BD-JhCC
005 20200128134008.0
008 190911b20112013bg a|||| ||a| 001 0 mul d
020 _a9789848975138
035 _a(BD-JhCC)13397
040 _aBD-JhCC
_dBD-JhCC
041 _amul
082 _bREB 2013
_a778.56
100 _aরিবেরু, বিধান
245 _aচলচ্চিত্র পাঠ সহায়িকা /
_cবিধান রিবেরু ।
260 _aঢাকা:
_bরোদেলা;
_c২০১৩.
300 _a২০৮ পৃ. :
_bill;
_c২২ সেমি.
650 _aMotion Pictures
942 _2ddc
_cBK
_02